000 00869nam a22002417a 4500
010 _a100299
020 _c4.00
035 _a100299
037 _aCen Lib/Ret
040 _aDPL
_bHN
082 _a824
_bदिवेदी
100 _aद्विवेदी , संतिप्रिय
_943407
245 _aशाकल्य /
_bसंतिप्रिय द्विवेदी
246 _aSakalya /
260 _aबनारस
_bहिन्दी प्रचार पुस्तकालय
_c1955
270 _aPost Box no, 70 Ghyanwapi
_bBanaras
300 _a256p ;
_b24cm
650 _aHindi literature
_9115710
650 _aHindi kavya
_9115711
650 _aहिन्दी काव्य
_9115712
650 _aहिंदी साहित्य
_9115713
942 _2ddc
_cHN
_h824
_mदिवेदी
999 _c121932
_d121932